| 000 | 01224nam0a22002771 4500 | ||
|---|---|---|---|
| 001 | rc\3719009 | ||
| 005 | 20260406140445.0 | ||
| 021 |
_aRU _b[70-608] |
||
| 035 | _a(NLR Aleph) 007860749 | ||
| 090 |
_a7799510 _c7799510 |
||
| 100 | _a20130115d1969 |||y0rusy50 ca | ||
| 101 | 0 | _arus | |
| 102 | _aRU | ||
| 105 | _aa z ||||| | ||
| 200 | 1 |
_aГлубокоцервикальное осеменение коров и телок с ректальным контролем _fМ-во сел. хоз-ва Латв. ССР Упр. науч.-техн. информации. Латв. науч.-исслед. ин-т животноводства и ветеринарии |
|
| 210 |
_aРига _cБ. и. _d1969 |
||
| 215 |
_a12 с. _cил. _d20 |
||
| 300 | _aАвт. указан в вып. дан. | ||
| 606 |
_aКрупный рогатый скот _xИскусственное осеменение _2psbo |
||
| 700 | 1 |
_aСеглинь _bА.К. _gАрвид Карлович |
|
| 712 | 0 | 2 |
_aЛатвийский НИИ животноводства и ветеринарии _cРига _3RU\NLR\AUTH\889919475 _9335155 |
| 801 | 0 |
_aRU _bNLR _gpsbo |
|
| 801 | 1 |
_aRU _bELAR _2rusmarc |
|
| 852 |
_aNLR _j69-4/33070 |
||
| 942 | _cBOOK | ||
| 980 | _aNB | ||